UBT Library

BRITISH MYCOLOGICAL SOCIETY (Record no. 59297)

000 -LEADER
fixed length control field 00326nam a22001457a 4500
008 - FIXED-LENGTH DATA ELEMENTS--GENERAL INFORMATION
fixed length control field 230203b ||||| |||| 00| 0 eng d
020 ## - INTERNATIONAL STANDARD BOOK NUMBER
International Standard Book Number 00071536
041 ## - LANGUAGE CODE
Language code of text/sound track or separate title eng
080 ## - UNIVERSAL DECIMAL CLASSIFICATION NUMBER
Edition identifier VOLUME 74
Universal Decimal Classification number 573
082 ## - DEWEY DECIMAL CLASSIFICATION NUMBER
Classification number 573SUT
100 ## - Rafti
Rafti 14
101 ## - Shkurtesa
Shkurtesa BIO
245 ## - TITLE STATEMENT
Title BRITISH MYCOLOGICAL SOCIETY
Statement of responsibility, etc SUTTON C B
942 ## - ADDED ENTRY ELEMENTS (KOHA)
Source of classification or shelving scheme
Item type Books
Holdings
Withdrawn status Lost status Source of classification or shelving scheme Damaged status Not for loan Collection code Permanent location Current location Date acquired Total Checkouts Full call number Barcode Date last seen Price effective from Koha item type
          Koleksioni i përgjithshem UBT - Lipjan UBT - Lipjan 02/03/2023   573SUT 003-198 02/03/2023 02/03/2023 Books
          Koleksioni i përgjithshem UBT - Lipjan UBT - Lipjan 02/03/2023   573SUT 003-199 02/03/2023 02/03/2023 Books
          Koleksioni i përgjithshem UBT - Lipjan UBT - Lipjan 02/03/2023   573SUT 003-200 02/03/2023 02/03/2023 Books
          Koleksioni i përgjithshem UBT - Lipjan UBT - Lipjan 02/03/2023   573SUT 003-201 02/03/2023 02/03/2023 Books
          Koleksioni i përgjithshem UBT - Lipjan UBT - Lipjan 02/03/2023   573SUT 003-202 02/03/2023 02/03/2023 Books
          Koleksioni i përgjithshem UBT - Lipjan UBT - Lipjan 02/03/2023   573SUT 003-203 02/03/2023 02/03/2023 Books
          Koleksioni i përgjithshem UBT - Lipjan UBT - Lipjan 02/03/2023   573SUT 003-204 02/03/2023 02/03/2023 Books
          Koleksioni i përgjithshem UBT - Lipjan UBT - Lipjan 02/03/2023   573SUT 003-205 02/03/2023 02/03/2023 Books
          Koleksioni i përgjithshem UBT - Lipjan UBT - Lipjan 02/03/2023   573SUT 003-206 02/03/2023 02/03/2023 Books
          Koleksioni i përgjithshem UBT - Lipjan UBT - Lipjan 02/03/2023   573SUT 003-207 02/03/2023 02/03/2023 Books
          Koleksioni i përgjithshem UBT - Lipjan UBT - Lipjan 02/03/2023   573SUT 003-208 02/03/2023 02/03/2023 Books
          Koleksioni i përgjithshem UBT - Lipjan UBT - Lipjan 02/03/2023   573SUT 003-209 02/03/2023 02/03/2023 Books
          Koleksioni i përgjithshem UBT - Lipjan UBT - Lipjan 02/03/2023   573SUT 003-210 02/03/2023 02/03/2023 Books
UBT Library © 2015-2024. All rights reserved University Education for Business and Technology